Diseño de sistema de miniacueducto por bombeo, en la comunidad el Bosque, municipio de Jalapa-Nueva Segovia
El proyecto de abastecimiento de agua potable está localizado en el poblado de El Bosque, a 314 km de la ciudad capital y 18 km de la ciudad de Jalapa, siendo un municipio que se caracteriza por presentar un relieve regular demarcándose valles y zonas con elevaciones que oscilan entre los 500 msnm...
| Main Authors: | , |
|---|---|
| Other Authors: | |
| Format: | Tesis Section = Libro |
| Language: | Undetermined Spanish |
| Published: |
Managua
UNI
2020
|
| Subjects: |
| LEADER | 01548nam a2200277Ia 4500 | ||
|---|---|---|---|
| 008 | 240830s9999 xx 000 0 und d | ||
| 040 | |a BIBLIOTECA-RUPAP Mon 628.72 F363 | ||
| 041 | |a spa | ||
| 082 | |a Mon 628.72 F363 | ||
| 100 | 1 | |a Fernández Reyes, Vilma Fernanda | |
| 100 | 1 | |b González Lagos, Idalmis Dolores | |
| 245 | 1 | 0 | |a Diseño de sistema de miniacueducto por bombeo, en la comunidad el Bosque, municipio de Jalapa-Nueva Segovia |
| 260 | |a Managua |b UNI |c 2020 | ||
| 300 | |a 93 p. :il. | ||
| 500 | |a Contiene: anexos y CD | ||
| 502 | |a Tesis (Ingeniero Civil)- UNI, 2020. | ||
| 520 | 3 | |a El proyecto de abastecimiento de agua potable está localizado en el poblado de El Bosque, a 314 km de la ciudad capital y 18 km de la ciudad de Jalapa, siendo un municipio que se caracteriza por presentar un relieve regular demarcándose valles y zonas con elevaciones que oscilan entre los 500 msnm hasta más de 700 msnm, con pendientes entre planas a casi planas en los valles. Estas condiciones peculiares de altura denotan un clima caliente y sub-húmedo con precipitaciones entre los 800 y 2000 mm/año y temperaturas entre los 13.90 °C hasta los 32.7 °C, siendo el comportamiento promedio a lo largo del año de 24.40 °C. | |
| 650 | 7 | |a AGUA POTABLE | |
| 650 | 7 | |b AGUA-ABASTECIMIENTO | |
| 650 | 7 | |c SUMINISTRO DE AGUA POTABLE | |
| 650 | 7 | |d AGUA SUBTERRANEA-APROVECHAMIENTO | |
| 650 | 7 | |e ACUEDUCTOS-DISEÑO Y CONSTRUCCION | |
| 700 | 1 | |a Tutor: |b Baldizón Aguilar, María Elena | |
| 942 | |c BK |2 ddc | ||
| 991 | |a TESIS | ||
| 999 | |c 16491 | ||